00552nam a2200181 a 45000010010000000030011000100080041000210350026000620820014000881000021001022450044001232600047001676500018002149420012002329520091002449980020003359990015003550000-8780ELIB.Books110520 1961  a(ELIB.Books)0000-8926 a221 bEic aEichodt, Walther aTheology of the Old Testament ( Vol.2 ) bPhiladelphia: The Westminster Press c1961 aOld Testament 2ddccBK 00102ddc4070aKBTSbKBTSd2011-05-20l0p11441r2022-01-22 00:00:00w2022-01-22yBK cbate2011-05-20 c8780d8780